|
|
|
|
| LEADER |
00000cam a2200000 7i4500 |
| 001 |
0000003009 |
| 005 |
20040331.0 |
| 090 |
0 |
0 |
|a RP 338.1749
|b TOW 1994
|
| 245 |
0 |
0 |
|a TOWARDS better production of mouldings
|c Hilmi Md. Tahir ... [et al]. Forest site mapping in three different pine plantations
|c Adzmi Yaacob & Eberhard Panitz
|
| 260 |
0 |
0 |
|a Kuala Lumpur :
|b Forest Research Institute Malaysia ,
|c 1994
|
| 300 |
|
|
|a 45 p. :
|b ill., maps ;
|c 30 cm.
|
| 440 |
0 |
0 |
|a Research pamphlet ; no. 115
|
| 500 |
0 |
0 |
|a Includes bibliographical references
|
| 650 |
0 |
0 |
|a Forest mapping
|z Malaysia
|
| 650 |
0 |
0 |
|a Forest products industry
|z Malaysia
|
| 650 |
0 |
0 |
|a Mouldings
|z Malaysia
|
| 650 |
0 |
0 |
|a Plantations
|z Malaysia
|
| 700 |
0 |
1 |
|a Adzmi Yaacob. Forest site mapping in three different pine plantations
|
| 700 |
0 |
1 |
|a Hilmi Md. Tahir
|
| 700 |
0 |
1 |
|a Panitz
|h Eberhard. Forest site mapping in three different pine plantations
|
| 710 |
1 |
1 |
|a Institut Penyelidikan Perhutanan Malaysia (FRIM)
|
| 998 |
|
|
|a JPSM
|
| 999 |
|
|
|a 0000005340
|b Monograph
|c Open Shelf
|e Default branch
|
| 999 |
|
|
|a 0000005342
|b Monograph
|c Open Shelf
|e Default branch
|